| 000 | 00405nam a22001697a 4500 | ||
|---|---|---|---|
| 003 | MPLRDC | ||
| 005 | 20220104174830.0 | ||
| 008 | 210129b ||||| |||| 00| 0 eng d | ||
| 020 | _a967-933-049-4 | ||
| 082 | _a524.9563 KAU 1984 c.2 | ||
| 100 | _aTOH KIM KAU | ||
| 245 |
_aFIZIK STPM _c |
||
| 260 |
_a _bPENERBIT FAJAR BAKTI _c1984 |
||
| 300 | _b平 | ||
| 650 | _a | ||
| 942 |
_cBK _o524.9563 KAU 1984 c.2 |
||
| 999 |
_c60058 _d60048 |
||